Statistics for Juventus FC Squad 2016/2017

Click here to take the quiz!

General Stats

  • This quiz has been taken 204 times
  • The average score is 17 of 23

Answer Stats

Hint Nationality Answer % Correct
GKItalyGianluigi Buffon
99%
DFItalyGiorgio Chiellini
93%
STArgentinaPaulo Dybala
92%
DFItalyLeonardo Bonucci
92%
CMBosniaMiralem Pjanic
90%
STArgentinaGonzalo Higuain
89%
RWColombiaJuan Cuadrado
88%
CMGermanySami Khedira
87%
STCroatiaMario Mandzukic
87%
RBBrazilDani Alves
84%
CBMoroccoMehdi Benatia
84%
LBBrazilAlex Sandro
83%
CBItalyAndrea Barzagli
83%
CMItalyClaudio Marchisio
82%
LBGhanaKwadwo Asamoah
73%
GKBrazilNorberto Neto
71%
DFItalyDaniele Rugani
68%
LWCroatiaMarko Pjaca
66%
CMGabonMario Lemina
63%
RBSwitzerlandStephan Lichsteiner
53%
CMItalyStefano Sturaro
46%
CMVenezuelaThomas Rincon
42%
STItalyMoise Kean
29%

Score Distribution

Percentile by Number Answered

Percent of People with Each Score

Your Score History

You have not taken this quiz